High-Tech Start-Up and Valuation Methods

Potreba ocenenia v začínajúcich technologických spoločnostiach. Kľúčové rozdiely v týchto spoločnostiach. Startupy a tradičné metódy oceňovania, ich výhody a nevýhody.

Guardado en:
Detalles Bibliográficos
Autor principal: Polednáková, Anna, 1957-
Formato: Capítulo de libro
Lenguaje:inglés
Materias:
Etiquetas: Agregar Etiqueta
Sin Etiquetas, Sea el primero en etiquetar este registro!

MARC

LEADER 00000naa$a2200000$$$4500
001 0260883
005 20240502083746.1
041 0 |a eng 
044 |a CZ 
245 1 0 |a High-Tech Start-Up and Valuation Methods  |c Anna Polednáková 
520 |a Potreba ocenenia v začínajúcich technologických spoločnostiach. Kľúčové rozdiely v týchto spoločnostiach. Startupy a tradičné metódy oceňovania, ich výhody a nevýhody. 
610 2 0 |a start-up 
610 2 0 |a oceňovanie 
610 2 0 |a kapitál rizikový 
610 2 0 |a manažment hodnotový 
610 2 0 |a konkurencieschopnosť 
100 1 |a Polednáková, Anna, 1957-